Lord Huron - Fool For Love Lyrics - Statistics

General Stats
  • This quiz has been taken 66 times
    65 since last reset
  • The average score is 227 of 330
Answer Stats
Answer % Correct
love
100%
a
96%
be
96%
fool
96%
for
96%
he
96%
I
96%
I'm
96%
my
96%
the
96%
to
96%
an
92%
gonna
92%
Gonna
92%
And
88%
and
88%
as
88%
bride
88%
heading
88%
her
88%
know
88%
You
88%
you
88%
ain't
84%
Ain't
84%
Big
84%
life
84%
of
84%
wife
84%
but
80%
in
80%
Jim
80%
live
80%
man
80%
No
80%
out
80%
plans
80%
she's
80%
there's
80%
with
80%
another
76%
asking
76%
him
76%
like
76%
Lily
76%
not
76%
tall
76%
where
76%
your
76%
delay
72%
fall
72%
leaving
72%
this
72%
try
72%
afraid
68%
behind
68%
cause
68%
commence
68%
guess
68%
here
68%
place
68%
ride
68%
up
68%
am
64%
Before
64%
before
64%
come
64%
on
64%
road
64%
stand
64%
that
64%
tonight
64%
when
64%
you're
64%
broad
60%
don't
60%
find
60%
got
60%
hard
60%
Just
60%
just
60%
off
60%
so
60%
train
60%
trees
60%
Way
60%
way
60%
Well
60%
win
60%
bad
56%
die
56%
heart
56%
hinterlands
56%
Never
56%
never
56%
revved
56%
baddest
52%
down
52%
guy
52%
hell
52%
hit
52%
land
52%
name
52%
north
52%
see
52%
tough
52%
truck
52%
why
52%
woman's
52%
alive
48%
bet
48%
dangerous
48%
fight
48%
going
48%
ground
48%
half
48%
he's
48%
left
48%
luck
48%
mad
48%
snow
48%
whole
48%
wide
48%
worn
48%
drift
44%
how
44%
I'll
44%
lost
44%
me
44%
show
44%
called
40%
friends
40%
his
40%
humming
40%
let's
40%
lie
40%
need
40%
outside
40%
say
40%
step
40%
along
36%
bluff
36%
hole
36%
I'd
36%
mind
36%
odds
36%
should've
36%
them
36%
back
32%
bleeding
32%
bones
32%
drifting
32%
eventually
32%
knew
32%
wait
32%
death
28%
early
28%
enough
28%
had
28%
If
28%
it
28%
looked
28%
lose
28%
send
28%
spring
28%
you've
28%
breath
24%
by
24%
comes
24%
covers
24%
found
24%
great
24%
or
24%
over
24%
stare
24%
tell
24%
throw
24%
was
24%
catch
20%
endless
20%
into
20%
really
20%
sky
20%
unknown
20%
until
20%
born
16%
forward
16%
goes
16%
laying
16%
sorry
16%
tale
16%
No matching quizzes found
Score Distribution
Percent of People with Each Score
Percentile by Number Answered
Your Score History
You have not taken this quiz since the last reset